Hỏi đáp về bộ luật dân sự /
Saved in:
| Main Author: | |
|---|---|
| Format: | Book (Paper) |
| Language: | Vietnamese |
| Published: |
Đồng Nai :
Tổng hợp Đồng Nai,
2001
|
| Subjects: | |
| Tags: |
Add Tag
No Tags, Be the first to tag this record!
|
| Institutions: | Thư viện Trường Đại học Đà Lạt |
|---|
| LEADER | 00732nam a2200289 4500 | ||
|---|---|---|---|
| 001 | DLU030020841 | ||
| 003 | ##DLU | ||
| 005 | ##20021230 | ||
| 008 | ##021230t vn z000 vie d | ||
| 040 | # | # | |a DLU |b vie |
| 041 | # | # | |a vie |
| 044 | # | # | |a vn |
| 082 | # | # | |a 346 |b VO-T |
| 100 | # | # | |a Võ Hưng Thanh |
| 245 | # | # | |a Hỏi đáp về bộ luật dân sự / |c Võ Hưng Thanh |
| 260 | # | # | |a Đồng Nai : |b Tổng hợp Đồng Nai, |c 2001 |
| 300 | # | # | |a 506 tr. ; |c 21 cm |
| 650 | # | # | |a Luật dân sự |z Việt Nam |v Hỏi và đáp. |
| 992 | # | # | |a 48000 |
| 994 | # | # | |a DLU |
| 900 | # | # | |a True |
| 911 | # | # | |a Phan Ngọc Đông |
| 925 | # | # | |a G |
| 926 | # | # | |a A |
| 927 | # | # | |a SH |
| 980 | # | # | |a Thư viện Trường Đại học Đà Lạt |